00358 a2200133 4500003000400000005001700004008004100021040000900062082001500071100002600086245007800112260002500190300000900215OSt20240112110259.0240112b |||||||| |||| 00| 0 eng d coclc a297bKAL/I aKallikkandi, Ishaqali aIslahi boomikayilude Vol II bvelicham pakarnavar /cIshaqali Kallikkandi aKerala:bKNM,c2012. a240p